|
|
|
|
| LEADER |
01036nam a2200289 a 4500 |
| 001 |
c000319150 |
| 003 |
CARM |
| 005 |
20000929210054.0 |
| 008 |
730727s1974 nju b 000 0 eng |
| 010 |
|
|
|a 73012713
|
| 019 |
1 |
|
|a 23863196
|z 508144
|5 LACONCORD2021
|
| 020 |
|
|
|a 0131664395
|
| 035 |
|
|
|a (OCoLC)693957
|5 LACONCORD2021
|
| 040 |
|
|
|a LC
|b eng
|c LC
|d NU
|
| 050 |
|
4 |
|a BJ1498
|b .M87
|
| 050 |
0 |
0 |
|a BJ1498
|b .M87
|
| 082 |
0 |
4 |
|a 790/.0135
|
| 100 |
1 |
|
|a Murphy, James F.
|q (James Frederick),
|d 1943-,
|e comp.
|
| 245 |
1 |
0 |
|a Concepts of leisure: philosophical implications.
|c [Edited by] James F. Murphy.
|
| 260 |
|
|
|a Englewood Cliffs, N.J.,
|b Prentice-Hall
|c [1974]
|
| 300 |
|
|
|a xiv, 267 p.
|c 23 cm.
|
| 504 |
|
|
|a Bibliography: p. 263-267.
|
| 650 |
|
0 |
|a Leisure.
|
| 700 |
1 |
|
|a Murphy, James F.,
|d 1943-
|
| 852 |
8 |
|
|b CARM
|h A1:AO12G0
|i B08308
|p 0404535
|f BK
|
| 999 |
f |
f |
|i e2fb7a50-03cf-512c-ac94-de3128a48516
|s 859116c8-9aa5-5e9d-b337-e7f83a1212c5
|
| 952 |
f |
f |
|p Can circulate
|a CAVAL
|b CAVAL
|c CAVAL
|d CARM 1 Store
|e B08308
|f A1:AO12G0
|h Other scheme
|i book
|m 0404535
|